000 00340nam a22001457a 4500
008 240318b ||||| |||| 00| 0 eng d
020 _a10014
041 _aeng
080 _21969
_a101
082 _a101DUC
100 _a44
101 _aFILOZOFI
245 _aCAUSATION AND THE TYPES OF NECESSITY
_cCURT JOHN DUCASSE
942 _2udc
_cBK
999 _c60606
_d60606